Požárně bezpečnostní zařízení (EPS) /

Hlavní autor: Dudáček, Aleš, 1959-
Korporativní autor: Vysoká škola báňská - Technická univerzita Ostrava. Hornicko-geologická fakulta
Jazyk: Čeština
Vydáno: Ostrava : VŠB-Technická univerzita, 1996
Vydání: 1. vyd.
Témata:
Fyzický popis: 53 s. : il. ; 29 cm
Knihy
Uloženo v:
LEADER 01328nam a2200349 a 4500
001 000113982
003 CZ BrMZK
005 20220107091649.0
007 ta
008 960815s1996 xr e p 0 cze d
015 |a cnb000187819 
020 |a 80-7078-312-5 
035 |a (OCoLC)37251731 
040 |a BOA001  |b cze 
072 7 |a 614.84  |x Požáry. Ochrana před požáry  |2 Konspekt  |9 14 
072 7 |a 37.016  |x Učební osnovy. Vyučovací předměty. Učebnice  |2 Konspekt  |9 22 
080 |a 614.84  |2 MRF 
080 |a 654.924.5  |2 MRF 
080 |a (075.8)  |2 MRF 
100 1 |a Dudáček, Aleš,  |d 1959-  |7 jo2002157487  |4 aut 
245 1 0 |a Požárně bezpečnostní zařízení (EPS) /  |c Aleš Dudáček 
250 |a 1. vyd. 
260 |a Ostrava :  |b VŠB-Technická univerzita,  |c 1996 
300 |a 53 s. :  |b il. ;  |c 29 cm 
500 |a Určeno pro posl. 4. roč. HGF. - Bibliogr. 
650 0 7 |a požární ochrana  |7 ph124487  |2 czenas 
650 0 7 |a požární signalizační zařízení  |7 ph124488  |2 czenas 
655 7 |a učebnice vysokých škol  |7 fd133772  |2 czenas 
710 2 |a Vysoká škola báňská - Technická univerzita Ostrava.  |b Hornicko-geologická fakulta  |7 kn20010709391 
910 |a BOA001  |b 4-1028.040 
990 |a BK 
996 7 |b 2610045908  |c 4-1028.040  |l MZK  |r Sklad / do 1 hodiny  |n 21  |p p.v.  |w 000113982  |u 000010  |a 1  |e BOA001  |j MZK50  |s A